Die römischen Baureste AM Hof 9
Uloženo v:
| Hlavní autor: | |
|---|---|
| Médium: | Kniha |
| Jazyk: | němčina |
| Vydáno: |
Viena
Verlag des Historischen Museums der Stadt Wien
1958
|
| Vydání: | 1a. ed |
| Témata: | |
| Tagy: |
Přidat tag
Žádné tagy, Buďte první, kdo vytvoří štítek k tomuto záznamu!
|
MARC
| LEADER | 00000cam a2200000 a 4500 | ||
|---|---|---|---|
| 001 | UCD9377 | ||
| 003 | CL-VaPUC | ||
| 008 | 170616e19580000au |||||||||||||||||ger|d | ||
| 082 | 0 | 4 | |a 930.1 |b NEU |2 21 |
| 100 | |a Neumann, Alfred |e verfasser |9 593077 | ||
| 245 | 1 | 4 | |a Die römischen Baureste AM Hof 9 |
| 250 | |a 1a. ed | ||
| 300 | |a 35 p | ||
| 942 | |c BK | ||
| 945 | |d 20170616 21:05:00 |a arojas | ||
| 260 | |a Viena |b Verlag des Historischen Museums der Stadt Wien |c 1958 | ||
| 650 | 0 | |a Antigüedades |9 266390 | |
| 651 | 0 | |a Roma |9 255106 | |
| 651 | 7 | |a VIENA |2 CL-VaPUC |9 376017 | |
| 583 | |a last modification |c 20170616 21:05:00 |k Rodrigo Vera | ||
| 999 | |c 368587 |d 368585 | ||
| 952 | |0 0 |1 0 |3 erb |4 0 |6 930_100000000000000_NEU_1958 |7 0 |8 A |9 483945 |a FDOLAF |b FDOLAF |e Laffi, Umberto, 1939- |i 5397324 |o 930.1 NEU 1958 |p 5397324 |r 2024-01-30 |w 2019-11-24 |y BK |z Catalogado en:20170616 |k LAF | ||